Baratheon 101 - Statistics

General Stats
  • This quiz has been taken 1,229 times
    1,228 since last reset
  • The average score is 19 of 32
Answer Stats
Hint Answer % Correct
Lord Robert
98%
Wife of lord Cersei Lannister
96%
With Baratheon surname #2 Stannis
96%
With Baratheon surname #1 Renly
95%
Coat of arms Crowned Stag
93%
With Baratheon surname #3 Joffrey
91%
Cadet branch #1 House Baratheon of Storm's End
90%
Title of lord #1 King of the Andels, the Roynar and the First Men
90%
With Baratheon surname #4 Tommen
90%
With Baratheon surname #5 Myrcella
85%
Motto Ours is the Fury
82%
Seat King's Landing
81%
Region #1 The Stormlands
79%
Cadet branch #2 House Baratheon of Dragonstone
72%
Region #2 The Crownlands
64%
With Baratheon surname #6 Shireen
62%
Noteable sworn house #1 Stark
42%
Noteable sworn house #6 Tyrell
42%
Noteable sworn house #5 Lannister
40%
Founder Orys Baratheon
40%
Noteable sworn house #13 Tarth
40%
Noteable sworn house #7 Martell
38%
Noteable sworn house #3 Tully
38%
Noteable sworn house #2 Arryn
37%
Title of lord #3 Protector of the Realm
34%
Noteable sworn house #4 Greyjoy
33%
Noteable sworn house #11 Selmy
32%
Noteable sworn house #9 Dondarrion
28%
Noteable sworn house #8 Connington
27%
Noteable sworn house #10 Seaworth
26%
Title of lord #2 Lord of the Seven Kingdoms
24%
Noteable sworn house #12 Swann
21%
No matching quizzes found
Score Distribution
Percent of People with Each Score
Percentile by Number Answered
Your Score History
You have not taken this quiz since the last reset